000 00565nam a2200193Ii 4500
003 JO-AjNU
008 230605s9999||||xx |||||||||||||| ||und||
040 _aJO-AjNU
_bara
_erda
_cJO-AjNU
041 _aara
050 1 4 _aPJ824.A54.Q57 1980
100 3 _aتاليف فريز،حسني,
_eauthor
_917874
245 0 0 _aقصص وتمثيليات
264 3 1 _aد.م: د.ن،1980
300 _a128ص
336 _atext
_btxt
_2rdacontent
337 _aunmediated
_bn
_2rdamedia
338 _avolume
_bnc
_2rdacarrier
650 4 _aقصص وتمثيليات-قصص
_917875
999 _aA5612
_c9180
_d9180